000 00660 a2200193 4500
005 20111222150628.0
008 111222t xxu||||| |||| 00| 0 eng d
080 _a536.21
_bYEN
100 _aYener, Yaman
_918613
245 _aHeat conduction
_cYaman Yener and Sadik Kakac
300 _axxx, 434p.
653 _aHeat conduction - opaque solids
700 _aKakac, Sadik
_918612
942 _cBK
260 _aNew York
_bTaylor and Francis
_c2008
_914463
250 _a4th ed.
020 _a9781591690467
952 _w2011-06-04
_p00066111
_v0.00
_r2013-01-16
_40
_e98
_00
_bUL
_10
_o536.21 YEN
_d2011-06-04
_70
_cGEN
_2udc
_g0.00
_yBK
_s2012-12-10
_l1
_aUL
999 _c68024
_d68023